OPAC Home

කච්චායනසාරය (Record no. 83547)

MARC details
000 -LEADER
fixed length control field 00555nam a2200193Ia 4500
003 - CONTROL NUMBER IDENTIFIER
control field LK-CoDNM
005 - DATE AND TIME OF LATEST TRANSACTION
control field 20240227104012.0
008 - FIXED-LENGTH DATA ELEMENTS--GENERAL INFORMATION
fixed length control field 010623t1892 xxu||||| |||| 00| 1 sin d
040 ## - CATALOGING SOURCE
Original cataloging agency LK-CoDNM
Modifying agency LK-CoDNM
Description conventions LK-CoDNM
041 ## - LANGUAGE CODE
Language code of text/sound track or separate title Sinhala; Sinhalese
080 ## - UNIVERSAL DECIMAL CLASSIFICATION NUMBER
Universal Decimal Classification number 104 U22
942 ## - ADDED ENTRY ELEMENTS (KOHA)
Koha item type Books
100 ## - MAIN ENTRY--PERSONAL NAME
Personal name Amarasingha thero,BAndaramulle
700 ## - ADDED ENTRY--PERSONAL NAME
Personal name Nanathilaka thero,Ukkatha mahaa tissa ariyavansabhaja
245 ## - TITLE STATEMENT
Title කච්චායනසාරය
246 ## - VARYING FORM OF TITLE
Title proper/short title Kachchaayanasaaraya
260 ## - PUBLICATION, DISTRIBUTION, ETC. (IMPRINT)
Name of publisher, distributor, etc. D.S.P.Rajakaruna
Place of publication, distribution, etc. Welitota
Date of publication, distribution, etc. 1892
300 ## - PHYSICAL DESCRIPTION
Other physical details Damaged
Extent 46p., 18 cm
Holdings
Withdrawn status Lost status Damaged status Not for loan Collection code Permanent Location Current Location Date acquired Full call number Barcode Koha item type
        Monographs Library National Museum Colombo - Sri Lanka Library National Museum Colombo - Sri Lanka 2023-08-02 104 U22 OB1330-20 Books
Copyright © 2023 Department of National Museum, Colombo 07, Sri Lanka Funded by UNESCO IFAP UNESCO